United States--east coast, North Carolina, Morehead City harbor /

Bibliographic Details
Previous Title:U.S. Coast and Geodetic Survey. United States--east coast, North Carolina, Morehead City harbor
Corporate Author: United States Coast Survey
Format: Government Document Map Serial
Language:English
Published: Washington, D.C. : U.S. Dept. of Commerce, National Oceanic and Atmospheric Administration, National Ocean Service, Coast Survey ; 1995-
Subjects:

MARC

Tag First Indicator Second Indicator Subfields
LEADER 00000ces a2200000 a 4500
001 in00002425214
005 20151109172743.0
006 s x f0 0
007 aj canzn
008 040518c19959999dcuek bd c f 0 eng c
010 |a  2008230996 
034 1 |a a  |b 12500  |d W0764710  |e W0763834  |f N0344355  |g N0343851 
035 |a (OCoLC)ocm55200763 
035 |a (OCoLC)55200763 
037 |a NSN 7642-01-401-0173  |b DOD 
037 |a 11 AHA 11547  |b NGA 
037 |a 11547  |b NOS 
037 |b FAA, NACO, Distribution Division, Glenn Dale, MD 20769 
040 |a YSM  |c YSM  |d OCLCQ  |d GPO  |d MvI  |d UtOrBLW 
042 |a lcd 
043 |a n-us-nc 
049 |a UDOC 
052 |a 3902  |b B58  |b C6 
052 |a 3904  |b M65 
074 |a 0191-B-13 
086 0 |a C 55.418/7:11547 
110 2 |a United States Coast Survey. 
245 1 0 |a United States--east coast, North Carolina, Morehead City harbor /  |c Coast Survey. 
246 3 0 |a Morehead City harbor 
255 |a Scale 1:12,500 at lat. 34⁰42ʹ ;  |b Mercator proj.  |c (W 76⁰47ʹ10ʺ--W 76⁰38ʹ34ʺ/N 34⁰43ʹ55ʺ--N 34⁰38ʹ51ʺ). 
264 1 |a Washington, D.C. :  |b U.S. Dept. of Commerce, National Oceanic and Atmospheric Administration, National Ocean Service, Coast Survey ;  |c 1995- 
264 2 |a [Glenn Dale, Md.] :  |b [FAA, National Aeronautical Charting Office, Distribution Division], 
336 |a cartographic image  |b cri  |2 rdacontent 
337 |a unmediated  |b n  |2 rdamedia 
338 |a sheet  |b nb  |2 rdacarrier 
362 0 |a 31st ed. (Aug. 12/95)- 
300 |a maps :  |b color ;  |c 75 x 105 cm. 
310 |a Irregular 
500 |a Depths shown by isolines and soundings. 
500 |a "Soundings in feet." 
500 |a Includes source diagram, tidal information, and table of channel depths. 
500 |a Beginning with 33rd edition (Oct. 9/99), scale changed to 1:15,000 on map measuring 114 x 80 cm. Coordinates changed to (W 76⁰44ʹ48ʺ--W 76⁰37ʹ00ʺ/N 34⁰43ʹ30ʺ--N 34⁰34ʹ18ʺ). 
500 |a Latest issue consulted: 37th edition (Aug. /07). 
515 |a "Formerly C&GS 423 1st ed., Dec 1952 D-1952-811 KAPP 511." 
515 |a Numbering realigned 1974 to conform to a new uniform US numbering system for all navigation charts. 
500 |a Cartographic material. 
650 0 |a Harbors  |z North Carolina  |z Morehead City  |v Maps. 
651 0 |a Bogue Sound (N.C.)  |x Navigation. 
651 0 |a Atlantic Coast (N.C.)  |v Maps. 
780 0 0 |a U.S. Coast and Geodetic Survey.  |t United States--east coast, North Carolina, Morehead City harbor  |w (DLC) 2008230995  |w (OCoLC)265034502 
948 |a cataloged  |b h  |c 2008/11/06  |e pkellar  |f 9:18:45 am 
999 |a MARS 
999 f f |s 09fc4b30-cc70-328b-bb97-0c751ce6c7e4  |i b2eb4191-c5d3-31d5-aadb-fbd64ae9a697  |t 0 
952 f f |p normal  |a Texas A&M University  |b College Station  |c Sterling C. Evans Library  |d Evans: Maps (2nd floor)  |t 0  |e C 55.418/7:11547/  |h Superintendent of Documents classification  |i unmediated -- sheet  |k 39th ed.  |l 2013  |m A14839399386 
952 f f |p normal  |a Texas A&M University  |b College Station  |c Sterling C. Evans Library  |d Evans: Maps (2nd floor)  |t 0  |e C 55.418/7:11547/  |h Superintendent of Documents classification  |i unmediated -- sheet  |k 37th ed.  |l 2007  |m A14836994323 
952 f f |p serial  |a Texas A&M University  |b College Station  |c Sterling C. Evans Library  |d Evans: Maps (2nd floor)  |t 0  |e C 55.418/7:11547/  |h Superintendent of Documents classification  |i unmediated -- sheet  |k 38th ed.  |l 2011  |m A14841046517 
998 f f |a C 55.418/7:11547/  |s 39th ed. (2013)  |t 0  |l Evans: Maps (2nd floor)